000 00861nam a2200277 i 4500
001 000017595
003 DO-SdBNP
005 20260116133334.0
007 ta
008 100329s1981 dr a 000 0 spa d
040 _aDO-SdBNP
_bspa
_cBNPHU
_erda
041 _aspa
082 _axxx
_bC117c, 1981
_222
100 1 _aCabrera, José
_eautor
_928213
245 1 0 _aCrisis de la publicidad y la mercadotecnia en la República Dominicana /
_cJosé Cabrera.
250 _aSegunda edición
264 _aSanto Domingo :
_bIMPUMER,
_c1981.
300 _a299 páginas :
_bilustraciones ;
_c23 cm.
336 _ardacontent
_btexto
_2txt
337 _ardamedia
_bsin mediación
_2n
338 _ardacarrier
_bvolumen
_2nc
500 _aIncluye datos biográficos del autor en la contracubierta
590 _aInventariado 2026/DG
910 _aDG
942 _2ddc
_cLBS1
999 _c17120
_d17120